|
|
|
|
| LEADER |
00000nab a2200000 a 4500 |
| 001 |
vtls009179489 |
| 003 |
SK-MaSNL |
| 005 |
20260318124158.0 |
| 008 |
230218c2007 xo qr p 000 c0ukr |
| 015 |
|
|
|a SNBRB2008/01
|
| 038 |
|
|
|a SVKPOCL
|
| 040 |
|
|
|a SVKPO
|b slo
|c SVKPO
|e AACR2
|
| 041 |
0 |
|
|a ukr
|
| 044 |
|
|
|a xo
|c SK
|
| 080 |
|
|
|a 327(477+4):655.58/.59(048.8)
|2 2001
|
| 080 |
|
|
|a 655.58/.59(048.8)
|2 2001
|
| 080 |
|
|
|a 327(477+438)(048.8)
|2 2001
|
| 245 |
0 |
0 |
|a Ukrajina vydaje
|b zbirka publicystyky Olesja Andrijčuka ...
|
| 300 |
|
|
|b Fotogr.
|
| 500 |
|
|
|a Kniha vyšla v Kyjiv : Smoloskyp, 2007
|
| 600 |
1 |
7 |
|a Andrijčuk, Oles'
|t Ukrajina - Jevropa: Testy na sumisnist'
|x publicistika
|x prezentácie
|2 svkpocl
|9 1364619
|
| 648 |
|
7 |
|a 21. stor.
|2 svkpocl
|9 304714
|
| 650 |
0 |
7 |
|a vzťahy ukrajinsko-európske
|x publicistika
|x monografie
|x prezentácie
|2 svkpocl
|9 1364620
|
| 650 |
0 |
7 |
|a vzťahy ukrajinsko-poľské
|x publicistika
|x monografie
|x prezentácie
|2 svkpocl
|9 1364621
|
| 650 |
0 |
7 |
|a medzinárodné vzťahy
|x publicistika
|2 svkpocl
|9 1364622
|
| 650 |
0 |
7 |
|a publicistika
|2 svkpocl
|9 19168
|
| 651 |
|
7 |
|a Európa
|2 svkpocl
|9 167569
|
| 651 |
|
7 |
|a Poľsko
|2 svkpocl
|9 16755
|
| 651 |
|
7 |
|a Ukrajina
|2 svkpocl
|9 168045
|
| 655 |
|
7 |
|a monografie
|2 svkpocl
|9 70139
|
| 773 |
0 |
|
|t Duklja
|g Rič. 55, No 6 (2007), s. 88-96 [92]
|
| 852 |
|
|
|a SVKPO
|b KIS3GCP
|
| 958 |
|
|
|a UK
|
| 958 |
|
|
|a UA
|
| 958 |
|
|
|a PL
|
| 958 |
|
|
|a SK
|
| 958 |
|
|
|a OND
|
| 958 |
|
|
|a EUIPO
|
| 999 |
|
|
|c 2777939
|d 2779869
|